[Event "IM Marmaris Karia VIII 2019"]
[Site "Marmaris"]
[Date "2019.07.28"]
[Round "1.2"]
[White "Abdulla, Khayala"]
[Black "Benidze, Davit"]
[Result "0-1"]
[WhiteElo "2283"]
[BlackElo "2469"]
[Annotator "ChessBase"]
[PlyCount "66"]
[EventDate "2019.07.29"]
[EventType "schev"]
[EventCountry "TUR"]
[SourceTitle "playchess.com"]
[Source "ChessBase"]
[SourceQuality "1"]
[TimeControl "5400+30"]

1. e4 {[%emt 0:00:30]} c6 {[%emt 0:00:30]} 2. d4 {[%emt 0:00:00]} g6 {[%emt 0:00:00]} 3. Nc3 {[%emt 0:00:00]} Bg7 {[%emt 0:00:00]} 4. Nf3 {[%emt 0:01:30]} d5 {[%emt 0:00:00]} 5. h3 {[%emt 0:01:30]} Nh6 {[%emt 0:00:00]} 6. exd5 {[%emt 0:02:30]} cxd5 {[%emt 0:00:30]} 7. Bf4 {[%emt 0:00:30]} Nc6 {[%emt 0:06:30]} 8. Bb5 {[%emt 0:04:30]} O-O {[%emt 0:00:30]} 9. O-O {[%emt 0:01:30]} f6 {[%emt 0:02:30]} 10. Qe2 {[%emt 0:02:30]} Nf7 {[%emt 0:00:00]} 11. Rad1 {[%emt 0:08:30]} a6 {[%emt 0:00:00]} 12. Bxc6 {[%emt 0:03:30]} bxc6 {[%emt 0:00:30]} 13. Rfe1 {[%emt 0:00:30]} Re8 {[%emt 0:00:30]} 14. Na4 {[%emt 0:04:30]} e5 {[%emt 0:03:30]} 15. c4 {[%emt 0:09:30]} g5 {[%emt 0:01:30]} 16. Bh2 {[%emt 0:05:30]} e4 {[%emt 0:08:30]} 17. Nd2 {[%emt 0:06:30]} f5 {[%emt 0:02:30]} 18. Nb3 {[%emt 0:00:30]} f4 {[%emt 0:01:30]} 19. cxd5 {[%emt 0:04:30]} cxd5 {[%emt 0:00:30]} 20. Rc1 {[%emt 0:00:30]} Ra7 {[%emt 0:04:30]} 21. Rc3 {[%emt 0:03:30]} Rae7 {[%emt 0:00:30]} 22. Rec1 {[%emt 0:00:30]} Nd6 {[%emt 0:00:30]} 23. Qh5 {[%emt 0:02:30]} Rf7 {[%emt 0:01:30]} 24. h4 {[%emt 0:02:30]} Bd7 {[%emt 0:05:30]} 25. Nac5 {[%emt 0:07:30]} Nb5 {[%emt 0:02:30]} 26. R3c2 {[%emt 0:07:30]} Bf5 {[%emt 0:00:00]} 27. Nxa6 {[%emt 0:00:30]} e3 {[%emt 0:00:00]} 28. Rc5 {[%emt 0:02:39]} exf2+ {[%emt 0:00:30]} 29. Kxf2 {[%emt 0:00:47]} Nxd4 {[%emt 0:01:30]} 30. Rc7 {[%emt 0:03:30]} Bg6 {[%emt 0:00:30]} 31. Qd1 {[%emt 0:03:19]} Nxb3 {[%emt 0:00:30]} 32. axb3 {[%emt 0:00:35]} Qf6 {[%emt 0:00:30]} 33. Rc8 {[%emt 0:03:11]} Qb6+ {[%emt 0:00:30]} 0-1

[Event "IM Marmaris Karia VIII 2019"]
[Site "Marmaris"]
[Date "2019.07.28"]
[Round "1.3"]
[White "Karaoglan, Doruk"]
[Black "Sibashvili, Giorgi"]
[Result "0-1"]
[WhiteElo "2278"]
[BlackElo "2389"]
[Annotator "ChessBase"]
[PlyCount "50"]
[EventDate "2019.07.29"]
[EventType "schev"]
[EventCountry "TUR"]
[SourceTitle "playchess.com"]
[Source "ChessBase"]
[SourceQuality "1"]
[TimeControl "5400+30"]

1. e4 {[%emt 0:00:30]} e5 {[%emt 0:01:30]} 2. Nf3 {[%emt 0:00:30]} Nc6 {[%emt 0:00:30]} 3. Bc4 {[%emt 0:00:00]} Bc5 {[%emt 0:00:30]} 4. c3 {[%emt 0:00:00]} Nf6 {[%emt 0:00:00]} 5. d3 {[%emt 0:00:30]} O-O {[%emt 0:00:00]} 6. Bb3 {[%emt 0:00:30]} d5 {[%emt 0:05:30]} 7. Qe2 {[%emt 0:00:00]} dxe4 {[%emt 0:07:30]} 8. dxe4 {[%emt 0:00:00]} Qe7 {[%emt 0:06:30]} 9. h3 {[%emt 0:02:30]} Nh5 {[%emt 0:17:30]} 10. g4 {[%emt 0:27:30]} Nf4 {[%emt 0:00:30]} 11. Bxf4 {[%emt 0:00:30]} exf4 {[%emt 0:00:30]} 12. Nbd2 {[%emt 0:00:00]} a5 {[%emt 0:02:30]} 13. Rg1 {[%emt 0:13:00]} a4 {[%emt 0:08:30]} 14. Bc2 {[%emt 0:02:30]} Re8 {[%emt 0:04:30]} 15. Kf1 {[%emt 0:06:30]} b6 {[%emt 0:07:30]} 16. Re1 {[%emt 0:08:30]} Ne5 {[%emt 0:05:30]} 17. Nxe5 {[%emt 0:00:30]} Qxe5 {[%emt 0:00:30]} 18. Nf3 {[%emt 0:01:30]} Qe6 {[%emt 0:01:30]} 19. Kg2 {[%emt 0:28:18]} Ba6 {[%emt 0:02:30]} 20. Qd2 {[%emt 0:00:14]} Rad8 {[%emt 0:05:30]} 21. Qxf4 {[%emt 0:00:29]} Qxa2 {[%emt 0:01:30]} 22. Rb1 {[%emt 0:03:31]} a3 {[%emt 0:02:26]} 23. Qxc7 {[%emt 0:02:26]} axb2 {[%emt 0:00:42]} 24. Rgd1 {[%emt 0:01:06]} Rxd1 {[%emt 0:01:10]} 25. Rxd1 {[%emt 0:00:01]} b1=Q {[%emt 0:00:35]} 0-1

[Event "IM Marmaris Karia VIII 2019"]
[Site "Marmaris"]
[Date "2019.07.28"]
[Round "1.4"]
[White "Yazici, Ugur Doga"]
[Black "Odeev, Handszar"]
[Result "0-1"]
[WhiteElo "2143"]
[BlackElo "2360"]
[Annotator "NA"]
[PlyCount "51"]
[EventDate "2019.07.29"]
[EventType "schev"]
[EventCountry "TUR"]
[SourceTitle "playchess.com"]
[Source "ChessBase"]
[SourceQuality "1"]
[TimeControl "5400+30"]

1. Nf3 {[%emt 0:00:30]} Nf6 {[%emt 0:00:30]} 2. g3 {[%emt 0:00:00]} g6 {[%emt 0:00:30]} 3. Bg2 {[%emt 0:00:00]} Bg7 {[%emt 0:00:30]} 4. O-O {[%emt 0:00:00]} O-O {[%emt 0:00:30]} 5. d4 {[%emt 0:00:00]} d5 {[%emt 0:01:30]} 6. Nbd2 {[%emt 0:00:30]} Ne4 {[%emt 0:07:30]} 7. c3 {[%emt 0:05:30]} c5 {[%emt 0:07:30]} 8. Nxe4 {[%emt 0:00:30]} dxe4 {[%emt 0:00:30]} 9. Ne5 {[%emt 0:03:30]} cxd4 {[%emt 0:02:30]} 10. cxd4 {[%emt 0:02:30]} Qd5 {[%emt 0:00:00]} 11. Be3 {[%emt 0:06:30]} Nd7 {[%emt 0:07:00]} 12. Nxd7 {[%emt 0:09:30]} Bxd7 {[%emt 0:00:30]} 13. f3 {[%emt 0:00:30]} exf3 {[%emt 0:00:30]} 14. Bxf3 {[%emt 0:00:30]} Qd6 {[%emt 0:00:30]} 15. Qd2 {[%emt 0:04:30]} Rad8 {[%emt 0:22:30]} 16. Rfd1 {[%emt 0:00:30]} Ba4 {[%emt 0:03:30]} 17. b3 {[%emt 0:00:30]} Bc6 {[%emt 0:00:30]} 18. Bxc6 {[%emt 0:01:30]} bxc6 {[%emt 0:07:30]} 19. Rac1 {[%emt 0:01:30]} h5 {[%emt 0:09:30]} 20. Rc4 {[%emt 0:02:30]} h4 {[%emt 0:02:30]} 21. Bf4 {[%emt 0:02:30]} Qd5 {[%emt 0:01:30]} 22. Qd3 {[%emt 0:04:30]} h3 {[%emt 0:03:30]} 23. e4 {[%emt 0:01:30]} Qh5 {[%emt 0:00:30]} 24. d5 {[%emt 0:05:30]} f5 {[%emt 0:02:34]} 25. d6 {[%emt 0:04:30]} g5 {[%emt 0:01:45]} 26. Ra1 {[%emt 0:08:30]} 0-1

[Event "IM Marmaris Karia VIII 2019"]
[Site "Marmaris"]
[Date "2019.07.28"]
[Round "1.5"]
[White "Caputcuoglu, Zeki Berke"]
[Black "Rzayev, Bahruz"]
[Result "1-0"]
[WhiteElo "2010"]
[BlackElo "2340"]
[Annotator "NA"]
[PlyCount "55"]
[EventDate "2019.07.29"]
[EventType "schev"]
[EventCountry "TUR"]
[SourceTitle "playchess.com"]
[Source "ChessBase"]
[SourceQuality "1"]
[TimeControl "5400+30"]

1. Nf3 {[%emt 0:00:30]} Nf6 {[%emt 0:00:30]} 2. d4 {[%emt 0:00:00]} c5 {[%emt 0:00:00]} 3. c4 {[%emt 0:00:00]} cxd4 {[%emt 0:00:00]} 4. Nxd4 {[%emt 0:00:30]} e5 {[%emt 0:00:00]} 5. Nb5 {[%emt 0:00:30]} d6 {[%emt 0:00:00]} 6. g3 {[%emt 0:01:30]} Be6 {[%emt 0:00:30]} 7. Bg2 {[%emt 0:02:30]} Nc6 {[%emt 0:00:30]} 8. b3 {[%emt 0:02:30]} a6 {[%emt 0:00:30]} 9. N5c3 {[%emt 0:00:00]} Be7 {[%emt 0:01:30]} 10. O-O {[%emt 0:01:00]} O-O {[%emt 0:00:00]} 11. Nd5 {[%emt 0:03:30]} Bxd5 {[%emt 0:01:00]} 12. cxd5 {[%emt 0:00:00]} Nb8 {[%emt 0:00:30]} 13. e4 {[%emt 0:04:00]} Nbd7 {[%emt 0:00:30]} 14. Be3 {[%emt 0:00:30]} Nc5 {[%emt 0:02:30]} 15. Nd2 {[%emt 0:00:30]} b5 {[%emt 0:03:30]} 16. Qe2 {[%emt 0:04:30]} Nfd7 {[%emt 0:02:30]} 17. Rfc1 {[%emt 0:04:30]} b4 {[%emt 0:08:30]} 18. Bh3 {[%emt 0:07:30]} g6 {[%emt 0:08:30]} 19. a3 {[%emt 0:09:30]} bxa3 {[%emt 0:09:30]} 20. b4 {[%emt 0:01:30]} Nb7 {[%emt 0:03:30]} 21. Rxa3 {[%emt 0:00:30]} Kh8 {[%emt 0:07:30]} 22. Rxa6 {[%emt 0:04:30]} Rb8 {[%emt 0:01:30]} 23. Ba7 {[%emt 0:03:30]} Bg5 {[%emt 0:11:30]} 24. Bxb8 {[%emt 0:01:30]} Nxb8 {[%emt 0:01:30]} 25. Ra2 {[%emt 0:01:30]} Qb6 {[%emt 0:02:30]} 26. Nc4 {[%emt 0:02:30]} Qxb4 {[%emt 0:01:30]} 27. Rb2 {[%emt 0:01:30]} Qc5 {[%emt 0:01:30]} 28. Rcb1 {[%emt 0:00:00]} 1-0

[Event "IM Marmaris Karia VIII 2019"]
[Site "Marmaris"]
[Date "2019.07.28"]
[Round "2.2"]
[White "Sibashvili, Giorgi"]
[Black "Abdulla, Khayala"]
[Result "0-1"]
[WhiteElo "2389"]
[BlackElo "2283"]
[Annotator "TA"]
[PlyCount "44"]
[EventDate "2019.07.29"]
[EventType "schev"]
[EventCountry "TUR"]
[SourceTitle "playchess.com"]
[Source "ChessBase"]
[SourceQuality "1"]

{[%evp 9,68,19,23,28,34,25,31,24,48,46,37,39,51,47,47,43,53,44,55,45,55,56,60,53,82,75,72,13,22,-30,-30,-56,-60,-137,-127,-148,-76,-66,-73,-121,-117,-124,-131,-198,-197,-161,-161,-472,-458,-439,-380,-363,-290,-315,-300,-295,-280,-280,-238,-238,-238]} 1. d4 Nf6 2. c4 c5 3. d5 b5 4. cxb5 a6 5. bxa6 e6 $1 6. Nc3 {Strongly threatening dxe6. A58: Benko/Volga Gambit: Lines with 5 bxa6} exd5 7. Nxd5 Be7 8. Nxe7 {White is slightly better.} (8. Nf3 Nxd5 9. Qxd5 Rxa6 10. e4 Rd6 11. Qb3 Rb6 12. Qc2 O-O 13. Bc4 Nc6 {0-1 (38) Parligras,M (2645)-Nisipeanu,L (2674) Bucharest 2018}) 8... Qxe7 9. Nf3 Bxa6 10. Bf4 d5 11. Qa4+ Nbd7 {[%cal Bb8d7,Bd7c5,Bc5d3][%mdl 32]} 12. e3 c4 $146 ({Predecessor:} 12... Bb7 13. Qc2 O-O {½-½ (54) Knol,E (2200)-Sitorus,Y (1954) ICCF email 2016}) 13. Be2 O-O 14. O-O Nc5 15. Qc2 Nfe4 16. Nd4 Nd3 {[#]} 17. Bxd3 $1 cxd3 18. Qc6 ({White should play} 18. Qc7 $16 Qxc7 19. Bxc7) 18... Bc4 $11 19. Nf5 (19. Qc7 $142 $1 Qxc7 20. Bxc7) 19... Qe6 20. Qxe6 fxe6 21. Nd4 (21. Ne7+ $15 Kf7 22. Nc6) 21... d2 $17 22. Rfd1 {[#] Hoping for f3.} g5 {Played: e6-e5} 0-1

[Event "IM Marmaris Karia VIII 2019"]
[Site "Marmaris"]
[Date "2019.07.28"]
[Round "2.3"]
[White "Odeev, Handszar"]
[Black "Karaoglan, Doruk"]
[Result "1-0"]
[WhiteElo "2360"]
[BlackElo "2278"]
[Annotator "TA"]
[PlyCount "111"]
[EventDate "2019.07.29"]
[EventType "schev"]
[EventCountry "TUR"]
[SourceTitle "playchess.com"]
[Source "ChessBase"]
[SourceQuality "1"]

{[%evp 9,111,0,19,23,39,39,33,45,48,32,39,39,31,37,48,52,46,46,50,61,56,50,22,28,34,0,29,15,24,-29,0,-13,12,21,29,12,20,0,25,28,39,33,35,43,59,21,70,70,129,116,157,152,159,77,205,212,208,170,176,0,0,-124,12,14,135,114,312,311,305,303,279,293,422,407,409,357,509,477,560,555,525,508,612,611,589,583,713,713,702,701,690,684,771,722,884,865,746,476,844,844,801,799,844,844]} 1. e4 c5 2. Nc3 d6 3. d4 cxd4 4. Qxd4 Nc6 5. Qd2 g6 (5... Nf6 6. b3 e6 7. Bb2 d5 8. exd5 exd5 9. O-O-O Be6 10. a3 Bc5 11. Nf3 {½-½ (49) Caruana,F (2819)-Vachier Lagrave,M (2773) Karlsruhe/Baden Baden 2019}) 6. b3 {B23: Closed Sicilian: Lines without g3} Bg7 7. Bb2 Nf6 8. O-O-O {White is slightly better.} O-O 9. Kb1 $146 ({Predecessor:} 9. f3 Qa5 {1-0 (53) Kotronias,V (2509)-Grinberg,E (2452) Budapest 2018}) 9... Qa5 10. f3 Be6 11. Nge2 Rfc8 12. g4 b5 13. Nd5 Qxd2 14. Rxd2 Nd7 15. Nef4 Bxb2 16. Kxb2 Rab8 17. Be2 Nc5 18. h4 h6 19. Ng2 (19. Nd3 $142) 19... Kf8 20. Nge3 a5 21. a3 {[%cal Ba2a3,Ba3a4][%mdl 32]} Bd7 22. Nd1 b4 23. a4 $1 Nd8 24. N1e3 Nc6 25. Nc4 Be8 26. Re1 Kg7 27. Bd1 Rb7 28. f4 Ra7 (28... f6 $14) 29. Bf3 $16 Rd8 30. g5 h5 31. f5 (31. Nde3 $142) 31... Kg8 (31... Ne5 $16 32. Nxe5 dxe5) 32. e5 $18 dxe5 33. Nxe5 Kf8 34. Nxc6 $2 (34. fxg6 $18 fxg6 35. Rf2) 34... Bxc6 $11 35. Re5 (35. fxg6 $11 Rad7 36. Rf2 (36. Bxh5 Bxd5 37. gxf7 Be4 $15) 36... Bxd5 37. Bxd5 Rxd5 38. Rxf7+ {[%mdl 64] Double Attack} Kg8 39. Rexe7) 35... e6 ({Black should play} 35... f6 $1 $17 {[%cal Rf6e5]} 36. Re3 gxf5 37. Nxb4 Rxd2 38. Nxc6 Rc7) 36. fxe6 fxe6 {[#]} (36... Nxe6 $11 37. Rf2 Nd4) 37. Rf2 $1 $36 {[%mdl 2048] Black must now prevent Nxb4! Black is under strong pressure.} Kg7 $2 {[#]} (37... Bxd5 $16 38. Bxd5+ {[%mdl 64] Discovered Attack} Ke7) 38. Nf4 $1 $18 Bd5 39. Nxd5 exd5 40. Bxd5 Rc7 (40... Rd6 {was called for.} 41. Rfe2 Rc7) 41. Rf6 Rdc8 {Strongly threatening ...Nd3+!} 42. Re2 Rd8 (42... Rf8 {might work better.} 43. Ref2 Rfc8 44. Rf7+ Rxf7 45. Rxf7+ Kh8) 43. Bc6 {White is clearly winning.} Rdc8 44. Be8 Ne4 45. Rxg6+ Kh7 46. Re6 Nc3 47. Rd2 Kg7 48. Bxh5 Rf8 49. Rg6+ Kh7 50. Rf6 Rfc8 51. Rf7+ Rxf7 52. Bxf7 Rc5 53. Rg2 Re5 (53... Kg7 $142 54. Bh5 Rf5) 54. Rg1 Kg7 55. Bc4 Re4 56. h5 {Accuracy: White = 64%, Black = 39%.} 1-0

[Event "IM Marmaris Karia VIII 2019"]
[Site "Marmaris"]
[Date "2019.07.28"]
[Round "2.4"]
[White "Rzayev, Bahruz"]
[Black "Yazici, Ugur Doga"]
[Result "1/2-1/2"]
[WhiteElo "2340"]
[BlackElo "2143"]
[Annotator "NA"]
[PlyCount "107"]
[EventDate "2019.07.29"]
[EventType "schev"]
[EventCountry "TUR"]
[SourceTitle "playchess.com"]
[Source "ChessBase"]
[SourceQuality "1"]
[TimeControl "5400+30"]

1. d4 {[%emt 0:00:30]} Nf6 {[%emt 0:00:30]} 2. c4 {[%emt 0:00:00]} e6 {[%emt 0:00:00]} 3. Nc3 {[%emt 0:02:00]} Bb4 {[%emt 0:00:00]} 4. Qc2 {[%emt 0:00:30]} c5 {[%emt 0:01:30]} 5. Nf3 {[%emt 0:00:30]} b6 {[%emt 0:00:30]} 6. a3 {[%emt 0:05:30]} Bxc3+ {[%emt 0:00:30]} 7. Qxc3 {[%emt 0:00:30]} Bb7 {[%emt 0:00:30]} 8. dxc5 {[%emt 0:03:30]} bxc5 {[%emt 0:01:30]} 9. b4 {[%emt 0:04:30]} O-O {[%emt 0:02:30]} 10. Bb2 {[%emt 0:02:30]} d5 {[%emt 0:04:30]} 11. e3 {[%emt 0:02:30]} Nbd7 {[%emt 0:03:30]} 12. cxd5 {[%emt 0:01:30]} Bxd5 {[%emt 0:05:30]} 13. Be2 {[%emt 0:04:30]} cxb4 {[%emt 0:03:30]} 14. axb4 {[%emt 0:00:30]} Qb6 {[%emt 0:04:30]} 15. O-O {[%emt 0:04:30]} Rfb8 {[%emt 0:00:30]} 16. Ra4 {[%emt 0:10:30]} Nc5 {[%emt 0:10:30]} 17. Qxc5 {[%emt 0:07:30]} Qxc5 {[%emt 0:00:00]} 18. bxc5 {[%emt 0:00:30]} Rxb2 {[%emt 0:00:00]} 19. Bd3 {[%emt 0:00:00]} Rb3 {[%emt 0:02:30]} 20. Ne5 {[%emt 0:04:00]} Nd7 {[%emt 0:16:30]} 21. Bxh7+ {[%emt 0:01:30]} Kxh7 {[%emt 0:00:00]} 22. Nxd7 {[%emt 0:00:30]} f6 {[%emt 0:00:00]} 23. Rfa1 {[%emt 0:09:30]} Bc6 {[%emt 0:02:30]} 24. Rd4 {[%emt 0:00:30]} Rc8 {[%emt 0:02:30]} 25. Rd6 {[%emt 0:04:30]} Rb7 {[%emt 0:00:30]} 26. Nf8+ {[%emt 0:00:00]} Rxf8 {[%emt 0:01:30]} 27. Rxc6 {[%emt 0:00:00]} e5 {[%emt 0:00:30]} 28. h4 {[%emt 0:02:30]} Rd8 {[%emt 0:00:30]} 29. Rca6 {[%emt 0:03:30]} Rc8 {[%emt 0:00:00]} 30. Rc1 {[%emt 0:00:30]} Rb5 {[%emt 0:03:00]} 31. c6 {[%emt 0:00:30]} Rb6 {[%emt 0:00:00]} 32. Rxa7 {[%emt 0:00:30]} Rbxc6 {[%emt 0:00:00]} 33. Rxc6 {[%emt 0:00:30]} Rxc6 {[%emt 0:00:00]} 34. g3 {[%emt 0:00:30]} Kh6 {[%emt 0:00:00]} 35. Kg2 {[%emt 0:00:00]} Rc2 {[%emt 0:00:30]} 36. g4 {[%emt 0:00:00]} Rc1 {[%emt 0:02:30]} 37. Ra6 {[%emt 0:00:30]} Kg6 {[%emt 0:00:30]} 38. g5 {[%emt 0:01:30]} Rc4 {[%emt 0:01:30]} 39. Kg3 {[%emt 0:00:30]} Rb4 {[%emt 0:01:30]} 40. gxf6 {[%emt 0:06:30]} gxf6 {[%emt 0:00:00]} 41. Ra8 {[%emt 0:00:30]} Kg7 {[%emt 0:02:00]} 42. f3 {[%emt 0:00:34]} e4 {[%emt 0:03:30]} 43. f4 {[%emt 0:04:37]} Kg6 {[%emt 0:01:30]} 44. Ra6 {[%emt 0:01:34]} Rb3 {[%emt 0:00:30]} 45. Kg4 {[%emt 0:00:09]} Rxe3 {[%emt 0:05:30]} 46. h5+ {[%emt 0:00:30]} Kg7 {[%emt 0:02:30]} 47. Ra7+ {[%emt 0:01:53]} Kh6 {[%emt 0:00:30]} 48. Rf7 {[%emt 0:00:14]} Re1 {[%emt 0:00:30]} 49. Rxf6+ {[%emt 0:00:06]} Kg7 {[%emt 0:00:30]} 50. Kg5 {[%emt 0:02:01]} Rg1+ {[%emt 0:00:30]} 51. Kf5 {[%emt 0:00:01]} e3 {[%emt 0:00:30]} 52. h6+ {[%emt 0:02:28]} Kh7 {[%emt 0:01:30]} 53. Re6 {[%emt 0:00:13]} Rg3 {[%emt 0:00:41]} 54. Ke4 {[%emt 0:05:36]} 1/2-1/2

[Event "IM Marmaris Karia VIII 2019"]
[Site "Marmaris"]
[Date "2019.07.28"]
[Round "2.5"]
[White "Maghalashvili, Davit"]
[Black "Caputcuoglu, Zeki Berke"]
[Result "1-0"]
[WhiteElo "2485"]
[BlackElo "2010"]
[Annotator "ChessBase"]
[PlyCount "59"]
[EventDate "2019.07.29"]
[EventType "schev"]
[EventCountry "TUR"]
[SourceTitle "playchess.com"]
[Source "ChessBase"]
[SourceQuality "1"]
[TimeControl "5400+30"]

1. Nf3 {[%emt 0:00:30]} Nf6 {[%emt 0:00:30]} 2. g3 {[%emt 0:00:00]} g6 {[%emt 0:00:30]} 3. Bg2 {[%emt 0:00:00]} Bg7 {[%emt 0:00:00]} 4. c4 {[%emt 0:00:00]} O-O {[%emt 0:00:00]} 5. O-O {[%emt 0:00:00]} d6 {[%emt 0:00:30]} 6. d4 {[%emt 0:00:00]} c6 {[%emt 0:00:30]} 7. Nc3 {[%emt 0:00:00]} Qa5 {[%emt 0:00:30]} 8. e4 {[%emt 0:01:30]} e5 {[%emt 0:00:30]} 9. h3 {[%emt 0:02:30]} Nbd7 {[%emt 0:00:30]} 10. Be3 {[%emt 0:02:30]} exd4 {[%emt 0:01:30]} 11. Nxd4 {[%emt 0:09:30]} Nb6 {[%emt 0:04:30]} 12. Nb3 {[%emt 0:07:30]} Qh5 {[%emt 0:05:30]} 13. Qxh5 {[%emt 0:02:30]} Nxh5 {[%emt 0:00:30]} 14. Na5 {[%emt 0:01:30]} Be6 {[%emt 0:06:30]} 15. g4 {[%emt 0:03:30]} Nf6 {[%emt 0:00:30]} 16. c5 {[%emt 0:00:30]} Nc4 {[%emt 0:01:30]} 17. Nxc4 {[%emt 0:00:00]} Bxc4 {[%emt 0:00:00]} 18. Rfd1 {[%emt 0:00:00]} dxc5 {[%emt 0:01:00]} 19. Bxc5 {[%emt 0:05:30]} Rfe8 {[%emt 0:02:30]} 20. f4 {[%emt 0:01:30]} b6 {[%emt 0:04:30]} 21. Bf2 {[%emt 0:00:00]} Rad8 {[%emt 0:02:30]} 22. Bh4 {[%emt 0:01:00]} Rxd1+ {[%emt 0:17:30]} 23. Rxd1 {[%emt 0:01:30]} Rc8 {[%emt 0:00:00]} 24. b3 {[%emt 0:02:30]} Ba6 {[%emt 0:00:00]} 25. e5 {[%emt 0:00:30]} Ne8 {[%emt 0:00:30]} 26. Rd7 {[%emt 0:00:30]} Nc7 {[%emt 0:18:30]} 27. Bxc6 {[%emt 0:01:30]} Ne6 {[%emt 0:00:30]} 28. Nd5 {[%emt 0:00:30]} Bf8 {[%emt 0:00:30]} 29. Rxa7 {[%emt 0:02:30]} Nc5 {[%emt 0:02:30]} 30. Nf6+ {[%emt 0:00:30]} 1-0

[Event "IM Marmaris Karia VIII 2019"]
[Site "Marmaris"]
[Date "2019.07.28"]
[Round "3.1"]
[White "Dedebas, Emre Emin"]
[Black "Sibashvili, Giorgi"]
[Result "1/2-1/2"]
[WhiteElo "2301"]
[BlackElo "2389"]
[Annotator "NA"]
[PlyCount "50"]
[EventDate "2019.07.29"]
[EventType "schev"]
[EventCountry "TUR"]
[SourceTitle "playchess.com"]
[Source "ChessBase"]
[SourceQuality "1"]
[TimeControl "5400+30"]

1. d4 {[%emt 0:00:30]} Nf6 {[%emt 0:09:30]} 2. Nf3 {[%emt 0:00:30]} d5 {[%emt 0:00:00]} 3. Bf4 {[%emt 0:00:30]} c5 {[%emt 0:00:00]} 4. e3 {[%emt 0:00:30]} Nc6 {[%emt 0:00:30]} 5. Nbd2 {[%emt 0:00:30]} e6 {[%emt 0:00:30]} 6. c3 {[%emt 0:00:30]} Bd6 {[%emt 0:00:30]} 7. Bg3 {[%emt 0:00:00]} O-O {[%emt 0:10:30]} 8. Bd3 {[%emt 0:00:00]} b6 {[%emt 0:05:30]} 9. Qe2 {[%emt 0:00:00]} Bb7 {[%emt 0:04:30]} 10. Rd1 {[%emt 0:00:00]} Qe7 {[%emt 0:04:30]} 11. e4 {[%emt 0:09:30]} dxe4 {[%emt 0:01:30]} 12. Nxe4 {[%emt 0:03:30]} Nxe4 {[%emt 0:01:30]} 13. Bxe4 {[%emt 0:02:30]} Rad8 {[%emt 0:12:30]} 14. Bh4 {[%emt 0:18:30]} f6 {[%emt 0:00:30]} 15. O-O {[%emt 0:14:30]} cxd4 {[%emt 0:07:30]} 16. cxd4 {[%emt 0:02:30]} g5 {[%emt 0:03:30]} 17. Bg3 {[%emt 0:08:30]} g4 {[%emt 0:01:30]} 18. Nd2 {[%emt 0:25:20]} Bxg3 {[%emt 0:06:30]} 19. hxg3 {[%emt 0:00:11]} f5 {[%emt 0:00:00]} 20. Bxc6 {[%emt 0:00:08]} Bxc6 {[%emt 0:00:00]} 21. Nc4 {[%emt 0:00:06]} Bd5 {[%emt 0:00:30]} 22. Ne3 {[%emt 0:00:03]} Bc6 {[%emt 0:00:30]} 23. Nc4 {[%emt 0:00:04]} Bd5 {[%emt 0:00:00]} 24. Ne3 {[%emt 0:00:05]} Bc6 {[%emt 0:00:00]} 25. Nc4 {[%emt 0:00:04]} Bd5 {[%emt 0:00:30]} 1/2-1/2

[Event "IM Marmaris Karia VIII 2019"]
[Site "Marmaris"]
[Date "2019.07.28"]
[Round "3.2"]
[White "Abdulla, Khayala"]
[Black "Odeev, Handszar"]
[Result "1/2-1/2"]
[WhiteElo "2283"]
[BlackElo "2360"]
[Annotator "NA"]
[PlyCount "62"]
[EventDate "2019.07.29"]
[EventType "schev"]
[EventCountry "TUR"]
[SourceTitle "playchess.com"]
[Source "ChessBase"]
[SourceQuality "1"]
[TimeControl "5400+30"]

1. e4 {[%emt 0:01:30]} c5 {[%emt 0:00:30]} 2. Nf3 {[%emt 0:00:30]} Nc6 {[%emt 0:04:30]} 3. d4 {[%emt 0:03:30]} cxd4 {[%emt 0:00:30]} 4. Nxd4 {[%emt 0:00:30]} e5 {[%emt 0:00:30]} 5. Nb5 {[%emt 0:00:30]} d6 {[%emt 0:00:30]} 6. N1c3 {[%emt 0:00:30]} a6 {[%emt 0:00:30]} 7. Na3 {[%emt 0:04:30]} b5 {[%emt 0:01:30]} 8. Nd5 {[%emt 0:00:30]} Nce7 {[%emt 0:00:00]} 9. c4 {[%emt 0:06:30]} Nxd5 {[%emt 0:01:00]} 10. Qxd5 {[%emt 0:01:30]} Be6 {[%emt 0:07:30]} 11. Qd1 {[%emt 0:04:30]} b4 {[%emt 0:26:30]} 12. Nc2 {[%emt 0:10:30]} Nf6 {[%emt 0:01:30]} 13. Bd3 {[%emt 0:07:30]} a5 {[%emt 0:05:30]} 14. O-O {[%emt 0:01:30]} Be7 {[%emt 0:00:30]} 15. f4 {[%emt 0:03:30]} exf4 {[%emt 0:14:30]} 16. Bxf4 {[%emt 0:00:30]} Ng4 {[%emt 0:00:30]} 17. Nd4 {[%emt 0:07:30]} Bd7 {[%emt 0:07:30]} 18. Be2 {[%emt 0:10:30]} Qb6 {[%emt 0:10:01]} 19. Kh1 {[%emt 0:01:30]} Ne5 {[%emt 0:04:04]} 20. Nf3 {[%emt 0:07:30]} Ng6 {[%emt 0:04:19]} 21. Bg3 {[%emt 0:00:30]} Rd8 {[%emt 0:00:01]} 22. Qc2 {[%emt 0:04:30]} O-O {[%emt 0:00:45]} 23. Rad1 {[%emt 0:01:30]} Rfe8 {[%emt 0:02:46]} 24. Rd2 {[%emt 0:04:36]} Bc6 {[%emt 0:00:54]} 25. Nd4 {[%emt 0:03:36]} Bb7 {[%emt 0:00:32]} 26. Nf5 {[%emt 0:01:50]} Bf8 {[%emt 0:00:11]} 27. Bf3 {[%emt 0:02:56]} Ne5 {[%emt 0:00:23]} 28. Rfd1 {[%emt 0:02:07]} Qc5 {[%emt 0:02:49]} 29. b3 {[%emt 0:04:20]} g6 {[%emt 0:00:15]} 30. Bf2 {[%emt 0:02:00]} Qc7 {[%emt 0:00:41]} 31. Nd4 {[%emt 0:01:10]} Qb8 {[%emt 0:03:34]} 1/2-1/2